| 000 | 00715nam a22002177a 4500 | ||
|---|---|---|---|
| 999 |
_c11467 _d11467 |
||
| 003 | AR-CdUCM | ||
| 008 | 190404b ||||| |||| 00| 0 spa d | ||
| 040 |
_aMUNICIPALIDAD PROVINCIAL DEL CUSCO _cBIBLIOTECA MUNICIPAL DEL CUSCO |
||
| 082 |
_a869.56 / _bH48 / 1948 |
||
| 100 |
_aHidalgo, Alberto _95809 |
||
| 245 | _aPoesía de cámara / | ||
| 260 |
_aBuenos Aires : _bPeuser, _c1948. |
||
| 300 |
_a92 páginas ; _c27 cm. |
||
| 440 |
_aCastillo de viento _928843 |
||
| 505 | _aContenido : Carnet de identidad -- Cuarela -- El ahogado en el tiempo -- Geografía de la bien oída ... | ||
| 650 |
_aPoesías _914363 |
||
| 650 |
_aPeruanas _928844 |
||
| 650 |
_aSiglo XX. _98 |
||
| 942 |
_2ddc _cLIBROS |
||
| 945 | _arah | ||